BEHAVIOR IN ORGANIZATIONS: A MULTIDIMENSIONAL VIEW (Record no. 6474)

MARC details
000 -LEADER
fixed length control field 00313nam a22001097a 4500
008 - FIXED-LENGTH DATA ELEMENTS--GENERAL INFORMATION
fixed length control field 190904b ||||| |||| 00| 0 eng d
020 ## - INTERNATIONAL STANDARD BOOK NUMBER
International Standard Book Number 0-13-073148-X
100 ## - MAIN ENTRY--PERSONAL NAME
Personal name COFFEY .E.ROBERT
245 ## - TITLE STATEMENT
Title BEHAVIOR IN ORGANIZATIONS: A MULTIDIMENSIONAL VIEW
250 ## - EDITION STATEMENT
Edition statement 1ST ED
260 ## - PUBLICATION, DISTRIBUTION, ETC. (IMPRINT)
Place of publication, distribution, etc. ENGLEWOOD CLIFFS
Name of publisher, distributor, etc. PRENTICE-HALL
Date of publication, distribution, etc. 1974

No items available.

IRDP © 2021 :: Managed by ICT Team